Disaster readiness and risk reduction / (Record no. 484)

MARC details
000 -LEADER
fixed length control field 00602nam a22002057a 4500
005 - DATE AND TIME OF LATEST TRANSACTION
control field 20230606073939.0
008 - FIXED-LENGTH DATA ELEMENTS--GENERAL INFORMATION
fixed length control field 230109b |||||||| |||| 00| 0 eng d
020 ## - INTERNATIONAL STANDARD BOOK NUMBER
International Standard Book Number 978-1-68094-722-9
082 ## - DEWEY DECIMAL CLASSIFICATION NUMBER
Classification number 363.34 T531 2018
110 ## - MAIN ENTRY--CORPORATE NAME
Corporate name or jurisdiction name as entry element 3G Elearning
Relator term author
245 ## - TITLE STATEMENT
Title Disaster readiness and risk reduction /
Statement of responsibility, etc. 3G Elearning
250 ## - EDITION STATEMENT
Edition statement 2nd ed.
260 ## - PUBLICATION, DISTRIBUTION, ETC.
Place of publication, distribution, etc. New York:
Name of publisher, distributor, etc. 3G Elearning,
Date of publication, distribution, etc. c2018.
300 ## - PHYSICAL DESCRIPTION
Extent viii, 260p.;
Other physical details col. ill.; w/ DVD
504 ## - BIBLIOGRAPHY, ETC. NOTE
Bibliography, etc. note Includes index and references
541 ## - IMMEDIATE SOURCE OF ACQUISITION NOTE
Accession number 6328
650 ## - SUBJECT ADDED ENTRY--TOPICAL TERM
Topical term or geographic name entry element Disaster relief
650 ## - SUBJECT ADDED ENTRY--TOPICAL TERM
Topical term or geographic name entry element Emergency management
650 ## - SUBJECT ADDED ENTRY--TOPICAL TERM
Topical term or geographic name entry element Natural disaster
Holdings
Withdrawn status Lost status Source of classification or shelving scheme Damaged status Not for loan Home library Current library Date acquired Total Checkouts Full call number Barcode Date last seen Copy number Price effective from Koha item type
    Dewey Decimal Classification     ctu-moalboal ctu-moalboal 10/14/2019   363.34 T531 2018 6328 01/09/2023 1 01/09/2023 Books-Reference